| 000 | 00965nam a2200301 i 4500 | ||
|---|---|---|---|
| 001 | 44142 | ||
| 003 | ES-MaACL | ||
| 005 | 20250805062603.0 | ||
| 007 | t| | ||
| 008 | 030320s1982 sp ||||1| spa d | ||
| 020 | _a84-265-5335-4 | ||
| 080 | _a301 Adorno, Theodor Wiesengrund | ||
| 080 | _a301 Horkheimer, Max | ||
| 080 | _a301(04) | ||
| 100 | 1 |
_aCirillo, Antonio. _938894 |
|
| 245 | 1 | 0 |
_aTh. Adorno-M. Horkheiner : _blecciones de sociología / _cAntonio Cirillo ; [traducción de Juan Novella Domingo]. |
| 260 |
_aMadrid : _bMagisterio Español, _c[1982] |
||
| 300 |
_a156 p. ; _c19 cm. |
||
| 490 | 1 |
_aCrítica filosófica ; _v36 |
|
| 504 | _aBibliografía: p. 150-153. | ||
| 600 | 1 | 4 |
_aAdorno, Theodor W. _918468 |
| 600 | 1 | 4 |
_aHorkheimer, Max. _964197 |
| 650 | 7 |
_aSociología _2embne _917195 |
|
| 700 | 1 |
_aNovella Domingo, Juan. _986074 |
|
| 830 | 1 |
_aCrítica filosófica ; _v36 _9181774 |
|
| 852 |
_aES-MaACL _jL-2151 |
||
| 999 |
_c44142 _d44142 |
||